000 00965nas a2200313 4500
001 BR9607723
003 BR-BrBNA
005 20231205094952.0
007 ta
008 230509b bl.|||p| |||| 00| 00por d
040 _aBR-BrBNA
_bpor
_cBiblioteca Nacional de Agricultura
041 _a(Pt)
072 _aF04; P35
100 1 _aSilva, M.C.L. da
100 1 _aLima, L.E. de
100 1 _aMafra, R.C.
100 1 _aSilva, A.B. da
100 1 _aPereira, J.T.
245 1 _aAdubacao organomineral na cultura da batata (Solanum tuberosum L.)em regossolo do agreste pernambucano
650 _aBatata
650 _aADUBO ORGÂNICO
650 _aFertilidade do Solo
650 _aRegossolo
650 _aPernambuco
650 _aFertilizante
773 0 _tPesquisa Agropecuaria Pernambucana (Brazil)
_xISSN 0100-8501
_g(Jan-Dec 1991-1995), v. 8(special number) p. 49-56
_wBR9607723
909 _a202311
_bLúcia
_c55
_dLúcia Elande
942 _2AGRIS
_n0
_cANA
999 _c148003
_d148003